000 01371nam0a2200313 i 4500
001 RU\NLR\bibl\2025673
005 20240723101112.0
010 _a9785444404935
_93000
021 _aRU
_b2013-25353
_91744
035 _a(NLR Aleph) 002013715
090 _a4471234
_c4471234
100 _a20130418d2013 u y0rusy50 ca
101 1 _arus
_cfre
102 _aRU
105 _ay |||||||||
200 1 _aПризрак улицы Руаяль
_e[роман]
_fЖан-Франсуа Паро
_g[пер. с фр. Е.В. Морозовой]
210 _aМосква
_cВече
_d2013
215 _a349, [2] с.
_d21
225 1 _aРасследование комиссара королевской полиции Николя Ле Флока
311 _aПродолж. кн.: Загадка улицы Блан-Мато
488 0 _12001#$aЗагадка улицы Блан-Мато
_tЗагадка улицы Блан-Мато
686 _aШ6(4Фр)67-446{Лх1649-60}
700 1 _aПаро
_bЖ. -Ф.
_gЖан-Франсуа
_4070
801 0 _aRU
_bNLR
_c20130418
_gRCR
801 1 _aRU
_bNLR
_c20130418
830 _aавт. по кн.
942 _cBOOK
980 _aNBR